Ekonomika pestovania obilovín JRD "Rozvoj" Jablonka záverečná práca postgraduálneho štúdia

Na minha lista:
Detalhes bibliográficos
Autor principal: Boháč, Ján
Autor Corporativo: Vysoká škola ekonomická v Bratislave
Outros Autores: Tršťanská, Alena
Formato: Livro
Idioma:eslovaco
Publicado em: Bratislava 1989
Tags: Adicionar Tag
Sem tags, seja o primeiro a adicionar uma tag!

MARC

LEADER 00000nam a2200000 4500
001 c036180
005 20230116095025.4
041 0 |a slo 
044 |a SK 
245 1 0 |a Ekonomika pestovania obilovín JRD "Rozvoj" Jablonka  |b záverečná práca postgraduálneho štúdia  |c Ján Boháč ; ved. práce Alena Tršťanská 
264 1 |a Bratislava  |c 1989 
300 |a 52 s. 
100 1 |a Boháč, Ján 
700 1 |a Tršťanská, Alena 
710 2 |a Vysoká škola ekonomická v Bratislave